000 00283nam a22001337a 4500
008 170821b xxu||||| |||| 00| 0 eng d
020 _a2901439044314
041 _aeng
080 _24 ED
_a51
100 _a37
101 _aMAT
245 _aPREALGEBRA
_cTUSSY.K
942 _2udc
_cBK
999 _c24269
_d24269